000 00186nam a2200085Ia 4500
008 200302s9999 xx 000 0 und d
100 _aAuthor
245 _aOffice Buildings
260 _bPublisher
999 _c678
_d678